Clothing Terms - Statistics

General Stats
  • This quiz has been taken 71 times
  • The average score is 6 of 13
Answer Stats
Hint Answer % Correct
Fabric that encases the arm Sleeve
94%
Fabric at the end of the above Cuff
78%
Draped cloth garment popular with Roman men and prostitutes Toga
78%
Tight, shaping garment that slims the waist and hips; the Spanx of yesteryear Corset
66%
Bag-like fabric receptacle attached inside or outside clothing Pocket
65%
Portion of a dress that is not the skirt or sleeves Bodice
57%
Veil worn by post-pubescent Muslim women to cover the hair Hijab
32%
Wire or mesh framework attached inside of the posterior section of a dress Bustle
29%
Wavy fabric or lace worn around the neck, popular in 16th century Europe Ruff
25%
Cloth pouch attached to the crotch of men's trousers, especially in early modern Europe Codpiece
20%
Double layers of fabric that hold buttons, button holes, and snaps Placket
11%
Long, loose garment worn over clothes and armor, favored by European knights Surcoat
6%
Elevated wooden sandals of Japanese origin Geta (下駄)
5%
No matching quizzes found
Score Distribution
Percent of People with Each Score
Percentile by Number Answered
Your Score History
You have not taken this quiz